Obscure Trivia #4 - Statistics

General Stats
  • This quiz has been taken 65 times
  • The average score is 7 of 20
Answer Stats
Question Answer % Correct
If uncontaminated and properly stored, this food does not spoil. Honey
69%
Elizabethan preachers condemned the use of coal as fuel because they believed it to be … The devil’s excrement
69%
The hottest planet in our solar system is … Venus
69%
The first known interracial kiss seen on American network television was on this series. Star Trek
63%
The last country to outlaw slavery was this one, in 1981. Mauritania
50%
Big Major Cay, an island in the Bahamas, is known for its … Swimming pigs
44%
A group of ravens can be known as … An unkindness
38%
Fossils found on New Zealand’s South Island suggest it was once home to … Human-sized penguins
38%
What rare phenomenon occurred on 18 February, 1979? Snow fell in the Sahara Desert
38%
What is the loudest non-crustacean animal on earth? Sperm whale
38%
In which country have roads been diverted to avoid disturbing communities of elves? Iceland
31%
A vomitorium was … A series of entrance or exit passages in an ancient Roman amphitheater
25%
What is a fear of Halloween called? Samhainophobia
25%
In Florida, it is illegal to … Sing in public while wearing a swimsuit
25%
The movement of a computer mouse is measured in … Mickeys
19%
310 of these items that belonged to fashion designer Karl Lagerfeld (1933-2019) were auctioned off at Sotheby’s on 4 May 2022. iPods
13%
What is the controversy surrounding the axolotl, or Mexican walking fish? How many times it can regenerate the same limb
6%
To whom was the first known Christmas card sent? King James I of England
6%
The longest commercial in history, running for 14 hours, advertises which brand? Old Spice
6%
James D. Watson (1928-) became the first person to … Sell his Nobel prize medal
6%
No matching quizzes found
Score Distribution
Percent of People with Each Score
Percentile by Number Answered
Your Score History
You have not taken this quiz